| 000 | 00638cam a2200181 4500 | ||
|---|---|---|---|
| 999 |
_c6752 _d6752 |
||
| 001 | 7865 | ||
| 005 | 20200218134258.0 | ||
| 008 | 110509s2010 xna b 000 0 eng d | ||
| 010 | _a 2011381660 | ||
| 100 | _aIonesco, Eugene. | ||
| 245 | 1 | 4 |
_aLIT211: Rhinoceros and other plays LIT 211 : _bCoursepack fall 2018 / _cEugene Ionesco ; translated by Derek Prouse. |
| 260 |
_a[Thimphu] : _bRoyal Thimphu College, _c2018. |
||
| 300 | _a106 p. ; 29 cm. | ||
| 500 | _aRhinoceros and other plays: Coursepack fall 2018 | ||
| 500 | _aXerographic copy in a binder. | ||
| 650 | 0 | _aIonesco, Eugene -- Translations into English. | |
| 942 |
_2ddc _cFAC RES |
||